000 00469nam a2200181Ia 4500
001 21364
005 20260306172913.0
008 260306t2018||||xx |||||||||||||| ||spa||
041 _aESP
082 _a344.529
_bF84
100 _aFrisancho Aparicio, Manuel
_eAUT
245 0 _aFalsificación de documentos:
_banálisis jurídico penal
260 _c2018
300 _axxix, 1215 páginas :
_c25 cm.
650 _aGEN
654 _aCDE
942 _cLIB
_dJUS
_fJUS
_2ddc
_n
999 _c21364
_d21364